Statistiche per Elenca la formazione - Quiz n°1

Clicka qui per fare il quiz!

Statistiche generali

  • Questo quiz è stato fatto 118 volte
  • Il punteggio medio è 9 su 11

Statistiche sulle risposte

RuoloNazioneCalciatore% Corretto
PortiereItaliaGianluigi Buffon
100%
DifensoreItaliaGiorgio Chiellini
97%
DifensoreItaliaLeonardo Bonucci
97%
DifensoreItaliaAndrea Barzagli
95%
CentrocampistaCileArturo Vidal
93%
CentrocampistaItaliaAndrea Pirlo
90%
CentrocampistaItaliaClaudio Marchisio
90%
AttaccanteMontenegroMirko Vučinić
81%
CentrocampistaSvizzeraStephan Lichtsteiner
78%
AttaccanteItaliaAlessandro Matri
63%
CentrocampistaItaliaSimone Pepe
47%

Distribuzione punteggi

Percentile per numero di risposta

Percentuale di utenti per punteggio

I tuoi punteggi nel tempo

Non hai fatto questo quiz